000 00268nam a2200109Ia 4500
008 190907s9999||||xx |||||||||||||| ||und||
100 _aDavid A.Decenzo
245 0 _aHuman Resource Management
260 _aNew Delhi
_bMcGraw Hill
_c2002
300 _a462
942 _cBK
999 _c6566
_d6566